000 00363nam a2200145Ia 4500
008 230917s9999||||xx |||||||||||||| ||und||
040 _e60541
_aMAIN
041 _aEnglish
082 _a330.954 S64E
100 _aSingh, V B
245 0 _aEssays in Indian political economy
260 _aNew Delhi
_bPeoples Publishing
_c1967
300 _a291 p.
942 _cBK
999 _c189692
_d189692